Το 1821 στο λογοτεχνικό έργο του Πέτρου Στυλιανού

Αποθηκεύτηκε σε:
Λεπτομέρειες βιβλιογραφικής εγγραφής
Κύριος συγγραφέας: Μιχαηλίδου, Μαρία
Μορφή: Βιβλίο
Γλώσσα:Greek
Δημοσίευση: Λευκωσία : Πάργα, 2021.
Θέματα:
Ετικέτες: Προσθήκη ετικέτας
Δεν υπάρχουν, Καταχωρήστε ετικέτα πρώτοι!

MARC

LEADER 00000nam a2200000 a 4500
001 1/127037
008 230717s2021####cy | ||| |||| ||gre||
020 |a 9789925551439 
040 |a GR-MyUa  |b gre  |c GR-MyUa  |e AACR2 
041 0 |a gre 
082 7 |a 809.034   |2 (23) 
100 1 |a Μιχαηλίδου, Μαρία. 
245 1 2 |a Το 1821 στο λογοτεχνικό έργο του Πέτρου Στυλιανού /   |c Μαρία Μιχαηλίδου. 
246 1 |a Το χίλια οκτακόσια εικοσιένα στο λογοτεχνικό έργο του Πέτρου Στυλιανού. 
260 |a Λευκωσία :   |b Πάργα,   |c 2021. 
300 |a 158 σ. ;   |c 21 εκ.  
504 |a Περιλαμβάνει βιβλιογραφικές παραπομπές. 
600 1 0 |a Στυλιανού, Πέτρος,   |d 1933- 
650 0 |a Literature and history  |z Greece. 
650 0 |a Politics and literature  |z Greece. 
651 0 |a Greece  |x History  |y War of Independence, 1821-1829  |x In literature. 
852 |a INST  |b RHODES  |e 20230717  |h 809.034 ΜΙΧ  |p 005400043706  |q 005400043706  |t BK  |y 0 
970 |z 17-07-2023